000 01937nam0a2200313 i 4500
001 RU\NLR\bibl\2043356
005 20241110073430.0
021 _aRU
_b2013-37768
_92591
035 _a(NLR Aleph) 002030602
090 _a4548616
_c4548616
100 _a20130614d2011 u||y0rusy50 ca
101 0 _arus
102 _aRU
105 _aa j||||00yy
200 1 _aЭффективность проектных решений
_eучебное пособие для студентов направления "Строительство" и "Технология художественной обработки материалов"
_fЛ.И. Касторных, И.В. Трищенко
_gМ-во образования и науки Рос. Федерации, Федер. агентство по образованию, Гос. образоват. учреждение высш. проф. образования "Ростов. гос. строит. ун-т"
210 _aРостов-на-Дону
_cРедакционно-издательский центр Ростовского государственного строительного университета
_d2011
215 _a101 с.
_cил.
_d21
300 _aНа 4-й с. обл. авт.: кандидаты техн. наук Л.И. Касторных, И.В. Трищенко
320 _aБиблиогр.: с. 95-96 (30 назв.)
606 _aИнвестиционные проекты
_jУчебные издания для высших учебных заведений
_xУправление
_92100037
_3RU\NLR\AUTH\661270187
686 1 _aУ9(2)-56-07я73
700 1 _aКасторных
_bЛ. И.
_gЛюбовь Ивановна
_4070
701 1 _aТрищенко
_bИ. В.
_gИнна Викторовна
_4070
801 0 _aRU
_bNLR
_c20130614
_gRCR
801 1 _aRU
_bNLR
_c20130614
942 _cBOOK
980 _aNBR